000
00182 a2200097 4500
020
_a
9780439024549
041
_a
eng
100
_a
Mercer Mayer
245
_a
I JUST Forgot
942
_c
K
999
_c
27829
_d
27829